| 000 | 00534nam a2200205Ia 4500 | ||
|---|---|---|---|
| 005 | 20250425162726.0 | ||
| 008 | 250425s9999 xx 000 0 und d | ||
| 020 | _a0072512652 | ||
| 041 | _aeng | ||
| 082 | _a621.4021 | ||
| 100 | _aCENGEL, YUNUS A. | ||
| 245 | 0 | _aPROPERTY TABLES BOOKLET FOR USE WITH THERMODYNAMICS: AN ENGINEERING APPROACH | |
| 250 | _a4TH ED. | ||
| 260 |
_aEstados Unidos _bMCGRAW-HILL _c2002 |
||
| 260 | _aNEW YORK | ||
| 300 | _a90 | ||
| 650 | _aTERMODINAMICA-TABLAS | ||
| 942 | _c01 | ||
| 010 | _a103357 | ||
| 999 |
_c235166 _d235166 |
||